[Event "Ch Yugoslavia (1/2 final)"]
[Site "masterchessopen.com - Tuzla (Bosnia & Herzegovina)"]
[Round "5"]
[White "Bajec Ivo (SLO)"]
[Black "Stojanovski Kire (MKD)"]
[Result "1/2-1/2"]
[WhiteElo "2380"]
[BlackElo "2125"]

1.d4 Nf6 2.c4 c5 3.d5 d6 4.Nc3 g6 5.e4 Bg7 6.Be2 O-O 7.Nf3 e6 8.O-O exd5
9.cxd5 Re8 10.Nd2 Na6 11.Re1 Rb8 12.a4 b6 13.Bb5 Rf8 14.Nc4 Nc7 15.Bg5 a6
16.Bc6 Nce8 17.Qd2 Qc7 18.Bf4 Nd7 19.Bxd7 Bxd7 20.e5 dxe5 21.Nxe5 Nd6 22.Nc6
Rbe8 23.Ne7+ Kh8 24.Qe3 Bf6 25.Be5 Bxe5 26.Qxe5+ f6 27.Qf4 Kg7 28.Ne4 Rxe7
29.Nxd6 Bxa4 30.Rxe7+ Qxe7 31.Qxa4 Qxd6 32.Qxa6 Re8 33.Qc4 Qe5 34.Ra7+ Kf8
35.h3 Qe1+ 36.Kh2 Qe4 37.b3 g5 38.d6 Qxc4 39.bxc4 Re6 40.Ra8+ Re8 {#d} 1/2-1/2

[Event "Memorial Asztalos"]
[Site "masterchessopen.com - Balatonfured (Hungary)"]
[Round "11"]
[White "Kluger Gyula (HUN)"]
[Black "Bilek Istvan (HUN)"]
[Result "0-1"]
[WhiteElo "2250"]
[BlackElo "2375"]

1.d4 Nf6 2.c4 c5 3.d5 d6 4.Nc3 g6 5.e4 Bg7 6.Nf3 O-O 7.Be2 e6 8.O-O exd5
9.cxd5 Re8 10.Nd2 Na6 11.Re1 Rb8 12.h3 Nc7 13.a4 a6 14.a5 Bd7 15.Bd3 Nb5
16.Nc4 Nxc3 17.bxc3 Bb5 18.Nb2 c4 19.Bc2 Nd7 20.Ra3 Qc7 21.Be3 Re7 22.Bd4 Bxd4
23.Qxd4 Rbe8 24.Raa1 f5 25.f3 f4 26.Nd1 Ne5 27.Nf2 h5 28.h4 Bd7 29.Ba4 Bxa4
30.Rxa4 Rg7 31.Kf1 Qe7 32.Ke2 Qxh4 33.Rh1 Qf6 34.Rb4 Rc8 35.Rhb1 Rcc7 36.Rh1
Rc5 37.Ra1 Qd8 38.Rb6 g5 39.Ra2 g4 {#R} 0-1

[Event "Tournament (candidates)"]
[Site "masterchessopen.com - Bled (Slovenia)"]
[Round "23"]
[White "Gligoric Svetozar (SRB)"]
[Black "Tal Mikhail N (LAT)"]
[Result "0-1"]
[WhiteElo "2447"]
[BlackElo "2520"]

1.d4 Nf6 2.c4 c5 3.d5 e6 4.Nc3 exd5 5.cxd5 d6 6.e4 g6 7.Nf3 Bg7 8.Be2 O-O
9.O-O Re8 10.Nd2 Na6 11.Rb1 Bd7 12.Re1 Rb8 13.b3 b5 14.Bb2 Nc7 15.Qc2 Qe7
16.Nd1 Bh6 17.f3 Nh5 18.Nf1 Nxd5 19.exd5 Bf5 20.Qc3 Bg7 21.Qc1 Bxb1 22.Bxg7
Kxg7 23.Qxb1 Nf4 24.Nde3 Qe5 25.Bxb5 Rxb5 26.Nf5+ gxf5 27.Rxe5 Rxe5 28.g3 Ne2+
29.Kf2 Kg8 30.Ne3 Nd4 31.f4 Re4 32.g4 Rxf4+ 33.Kg2 fxg4 34.Nc4 Nf3 35.Qc1 Rf6
36.Qe3 Kf8 37.Qe4 Rb8 38.Qxh7 Rd8 39.Qh8+ Ke7 40.Qg7 Nh4+ 41.Kg1 Nf3+ 42.Kg2
Rg6 43.Qc3 Nd4 44.b4 Kf8 45.Ne3 g3 46.h3 Rf6 {#R} 0-1

[Event "It"]
[Site "masterchessopen.com - Madrid (Spain)"]
[Round "0"]
[White "Toran Albero Roman (ESP)"]
[Black "Perez Fungueiro Manuel A (ESP)"]
[Result "1/2-1/2"]
[WhiteElo "2445"]
[BlackElo "2260"]

1.d4 Nf6 2.c4 c5 3.d5 e6 4.Nc3 exd5 5.cxd5 d6 6.Nf3 g6 7.Nd2 Bg7 8.e4 O-O
9.Be2 Re8 10.O-O Na6 11.Re1 Nc7 12.a4 a6 13.Rb1 Bd7 14.b4 cxb4 15.Rxb4 Ng4
16.Bxg4 Bxg4 17.Qxg4 Bxc3 18.Rxb7 Nxd5 19.Rd1 Nf6 20.Qf3 Qc8 21.Rb3 Bxd2
22.Bxd2 Nxe4 23.Be3 Rb8 24.Rbd3 Nc3 25.Rf1 Qc4 26.Bh6 Ne2+ 27.Kh1 Nd4 28.Qd1
Nf5 29.Bg5 Re4 30.Bf6 Rbe8 31.a5 Re2 32.h3 Qc5 33.Rd5 Qb4 {#d} 1/2-1/2

[Event "It"]
[Site "masterchessopen.com - Beverwijk (Netherlands)"]
[Round "6"]
[White "Donner Jan-Hein (NED)"]
[Black "Toran Albero Roman (ESP)"]
[Result "1/2-1/2"]
[WhiteElo "2430"]
[BlackElo "2445"]

1.d4 Nf6 2.c4 c5 3.d5 e6 4.Nc3 exd5 5.cxd5 d6 6.e4 g6 7.Nf3 Bg7 8.Be2 O-O
9.O-O Re8 10.Nd2 Na6 11.Re1 Nc7 12.a4 Rb8 13.Bf1 Bd7 14.h3 b5 15.axb5 Nxb5
16.Nxb5 Bxb5 17.Rxa7 Bxf1 18.Kxf1 Rb4 19.Ra4 Nxd5 20.Nc4 Rxa4 21.Qxa4 Nf6
22.Qc6 Re6 23.Bg5 h6 24.Bxf6 Qxf6 25.Rd1 Qf4 26.f3 Bd4 27.b4 Qh2 28.Rxd4 cxd4
29.b5 Qf4 30.Qd5 Re5 {#d} 1/2-1/2

[Event "Izt"]
[Site "masterchessopen.com - Madrid (Spain)"]
[Round "0"]
[White "Donner Jan-Hein (NED)"]
[Black "Giustolisi Alberto (ITA)"]
[Result "1-0"]
[WhiteElo "2430"]
[BlackElo "2270"]

1.d4 Nf6 2.c4 c5 3.d5 e6 4.Nc3 exd5 5.cxd5 d6 6.Nf3 g6 7.e4 Bg7 8.Be2 O-O
9.O-O Re8 10.Nd2 Na6 11.Re1 Nc7 12.a4 b6 13.Bd3 Ng4 14.h3 Ne5 15.Bf1 Ba6
16.Nb5 Bxb5 17.axb5 Nd7 18.Nf3 Ne5 19.Nxe5 Bxe5 20.Rb1 Qd7 21.Qd3 a6 22.bxa6
b5 23.Bd2 Rxa6 24.Bc3 Qe7 25.Qd2 Ra4 26.Bd3 Qf6 27.Bxe5 Qxe5 28.b3 Ra3 29.Bf1
Qg7 30.f4 f6 31.Re3 g5 32.Rbe1 gxf4 33.Rf3 Qg5 34.Rxf4 Kh8 35.Qf2 Ra2 36.Qf3
Rf8 37.e5 dxe5 38.Rf5 Qg7 39.Rexe5 Rd2 40.Re1 Rd4 41.Qc3 Rxd5 42.Rxd5 Nxd5
43.Qxc5 Nf4 44.Qf5 Qg3 45.Re4 Ng6 46.b4 Nh4 47.Qg4 Qxg4 48.Rxg4 Ng6 49.Bxb5
Rd8 50.Be2 Ne5 51.Re4 Rd2 52.Kf2 Kg7 53.Ke1 Rb2 54.Kd1 Kg6 55.Kc1 Rb3 56.Kc2
Rg3 57.Bf1 Kf5 58.Rh4 Rg7 59.b5 Ke6 60.Kc3 Rc7+ 61.Bc4+ Kd6 62.Kb4 Rg7 63.Rd4+
Kc7 64.g4 Rg5 65.Be2 f5 66.h4 Rg8 67.gxf5 Rf8 68.Rf4 Kd6 69.Bc4 h5 70.Rd4+ Kc7
71.Be6 Ng4 72.Rd7+ Kb8 73.Ka5 Ne3 74.Ka6 Nxf5 75.Rb7+ {#r} 1-0

[Event "Ch URS (1/2 final)"]
[Site "masterchessopen.com - Novosibirsk (Russia)"]
[Round "4"]
[White "Bagirov Vladimir (LAT)"]
[Black "Khodos German (RUS)"]
[Result "1/2-1/2"]
[WhiteElo "2482"]
[BlackElo "2200"]

1.d4 Nf6 2.c4 c5 3.d5 d6 4.Nc3 g6 5.e4 Bg7 6.Be2 O-O 7.Nf3 e6 8.O-O exd5
9.cxd5 Re8 10.Nd2 Na6 11.Re1 Nc7 12.a4 Rb8 13.h3 a6 14.a5 Bd7 15.Bf3 Bb5
16.Nb3 Nd7 17.Bf4 Ne5 18.Be2 Bxe2 19.Rxe2 Nb5 20.Bg3 Nc4 21.Na4 Nd4 22.Nxd4
Bxd4 23.Rc1 Nxa5 24.b4 b5 25.bxa5 bxa4 26.Qxa4 Rb5 27.Kh2 f5 28.Rce1 Bc3
29.Rc1 Bd4 30.Rce1 Bc3 31.Rc1 Be5 32.Bxe5 Rxe5 33.f4 Re7 34.Rce1 Qxa5 35.Qxa5
Rxa5 36.exf5 Rxe2 37.Rxe2 c4 38.Rc2 Rc5 39.fxg6 hxg6 40.Rc3 a5 41.Kg3 a4
42.Kf3 Rxd5 43.Rxc4 Ra5 44.Rc2 Kf7 45.Ra2 a3 46.Ke4 Ke6 47.g3 Ra4+ 48.Kd3 d5
49.Kc3 Kf5 50.Kb3 Re4 51.Rxa3 Re3+ 52.Kb2 d4 53.Ra5+ Ke4 54.Rg5 Kd3 55.Rxg6
Ke2 56.Rd6 d3 57.f5 Rxg3 58.f6 Rxh3 59.f7 Rf3 {#d} 1/2-1/2

[Event "Olympiad"]
[Site "masterchessopen.com - Tel Aviv (Israel)"]
[Round "2"]
[White "Vranesic Zvonko (CAN)"]
[Black "Stein Leonid Z (UKR)"]
[Result "1-0"]
[WhiteElo "2320"]
[BlackElo "2620"]

1.d4 Nf6 2.c4 c5 3.d5 d6 4.Nc3 g6 5.e4 Bg7 6.Nf3 O-O 7.Be2 e6 8.O-O exd5
9.cxd5 Re8 10.Nd2 Na6 11.Re1 Nc7 12.Qc2 Rb8 13.a4 Na6 14.Bxa6 bxa6 15.Nc4 Rb4
16.Na2 Nxd5 17.Bd2 Rxc4 18.Qxc4 Nb6 19.Qc2 Qh4 20.Bc3 Bh6 21.Rad1 Nc4 22.Qe2
Be6 23.Nc1 Bf8 24.Nd3 Nb6 25.Qc2 Bd7 26.g3 Qg4 27.Nf4 Nxa4 28.Nd5 Re6 29.f3
Qg5 30.f4 Qd8 31.f5 gxf5 32.exf5 Rh6 33.Bd2 Rh5 34.Rf1 Bg7 35.Be3 Bc6 36.Qe4
Kh8 37.Qg4 Rh6 38.f6 Rxf6 39.Nxf6 Bxf6 40.Rxf6 Qxf6 41.Qc8+ Kg7 {#r} 1-0

[Event "It"]
[Site "masterchessopen.com - Tbilisi (Georgia)"]
[Round "0"]
[White "Balcerowski Witold (POL)"]
[Black "Pietzsch Wolfgang W (GDR)"]
[Result "0-1"]
[WhiteElo "2184"]
[BlackElo "2420"]

1.d4 Nf6 2.c4 e6 3.Nf3 c5 4.d5 exd5 5.cxd5 d6 6.Nc3 g6 7.e4 Bg7 8.Be2 O-O
9.O-O Re8 10.Nd2 Na6 11.Re1 Rb8 12.Bf1 Nc7 13.a4 a6 14.a5 Bd7 15.Nc4 Nb5
16.Bd3 Ng4 17.h3 Ne5 18.Ne3 Nxd3 19.Qxd3 f5 20.Nc4 Nxc3 21.bxc3 Bb5 22.Bd2 Qh4
23.g3 Qxh3 24.exf5 gxf5 25.Rab1 Rbd8 26.Rxe8+ Rxe8 27.Rxb5 axb5 28.Nxd6 c4
29.Qf3 Re5 30.Nxb7 Bh6 31.Be3 f4 32.Nd6 Bf8 33.Ne4 fxe3 34.Qxe3 Qf5 {#R} 0-1

[Event "Olympiad"]
[Site "masterchessopen.com - Habana (Cuba)"]
[Round "0"]
[White "Andersen Bjarne (DEN)"]
[Black "Matulovic Milan (SRB)"]
[Result "0-1"]
[WhiteElo "1996"]
[BlackElo "2394"]

1.d4 Nf6 2.c4 c5 3.d5 d6 4.Nc3 g6 5.e4 Bg7 6.Nf3 O-O 7.Be2 e6 8.O-O exd5
9.cxd5 Re8 10.Nd2 Na6 11.Re1 Nc7 12.a4 a6 13.f4 Rb8 14.a5 Bd7 15.Bf3 Bb5
16.Nf1 Bxf1 17.Kxf1 Nd7 18.g3 b5 19.axb6 Rxb6 20.Qc2 Qb8 21.Ra2 Nb5 22.Nxb5
axb5 23.Bd2 b4 24.b3 Rb7 25.Ra6 Ra7 26.Qd3 Bd4 27.Be3 Bxe3 28.Rxe3 Qc7 29.Qb5
Rxa6 30.Qxa6 c4 31.Qxc4 Qxc4+ 32.bxc4 Nc5 33.e5 b3 34.Re2 Rb8 35.Re1 dxe5
36.fxe5 b2 37.Rb1 Na4 38.Bd1 Nc3 39.Bc2 Nxb1 40.Bxb1 Rc8 {#R} 0-1

[Event "Olympiad"]
[Site "masterchessopen.com - Lugano (Switzerland)"]
[Round "0"]
[White "Bilyap Siracettin (TUR)"]
[Black "Diaz Sergio (CHI)"]
[Result "1/2-1/2"]
[WhiteElo "2280"]
[BlackElo "2040"]

1.d4 Nf6 2.c4 c5 3.d5 e6 4.Nc3 exd5 5.cxd5 g6 6.Nf3 Bg7 7.e4 O-O 8.Be2 Re8
9.Nd2 d6 10.O-O Na6 11.Re1 Rb8 12.Bf1 b6 13.a4 Nb4 14.Nc4 Ba6 15.f3 Bxc4
16.Bxc4 a6 17.Bg5 h6 18.Bh4 g5 19.Bf2 Nd7 20.Qd2 Qf6 21.Nd1 b5 22.Bf1 Ne5
23.Ne3 Qxf3 24.Nf5 Bf8 25.Re3 Qh5 26.Be2 Qg6 27.axb5 axb5 28.Rea3 Nc4 29.Bxc4
bxc4 30.Ng3 Nd3 31.R1a2 Bg7 32.Be3 Rxb2 33.Rxb2 Nxb2 34.Qc2 c3 35.Ra6 Be5
36.Nf5 Qh5 37.g3 Rb8 38.Ra7 Nc4 39.Bc1 Kf8 40.Kg2 Kg8 {#d} 1/2-1/2

[Event "It"]
[Site "masterchessopen.com - Monaco"]
[Round "0"]
[White "Zinser Sylvain (FRA)"]
[Black "Gheorghiu Florin (ROM)"]
[Result "0-1"]
[WhiteElo "2295"]
[BlackElo "2383"]

1.c4 g6 2.Nc3 Bg7 3.d4 c5 4.d5 d6 5.e4 Nf6 6.Nf3 O-O 7.Be2 e6 8.O-O exd5
9.cxd5 Re8 10.Nd2 Na6 11.Qc2 Nc7 12.Re1 b6 13.a4 Rb8 14.Nc4 Ba6 15.Rb1 Bxc4
16.Bxc4 a6 17.b4 b5 18.axb5 axb5 19.Be2 c4 20.f4 Qe7 21.Bd2 Nxe4 22.Bf3 Bd4+
23.Kf1 Qh4 {#R} 0-1

[Event "Olympiad"]
[Site "masterchessopen.com - Siegen (Germany)"]
[Round "12"]
[White "Yanofsky D A (CAN)"]
[Black "Evans Larry M (USA)"]
[Result "0-1"]
[WhiteElo "2410"]
[BlackElo "2470"]

1.d4 Nf6 2.c4 c5 3.d5 e6 4.Nc3 exd5 5.cxd5 d6 6.e4 g6 7.Be2 Bg7 8.Nf3 O-O
9.O-O Re8 10.Nd2 Na6 11.Re1 Nc7 12.a4 Rb8 13.Bf1 b6 14.Nc4 Ba6 15.Bg5 Qd7
16.h3 h6 17.Bd2 Bxc4 18.Bxc4 a6 19.Bd3 b5 20.axb5 axb5 21.Ra7 c4 22.Bb1 Ra8
23.Rxa8 Rxa8 24.Ne2 Na6 25.Bc3 Nc5 26.Ng3 Qb7 27.f4 Re8 28.Kh2 b4 29.Bd4 Nb3
30.Bxf6 Bxf6 31.e5 dxe5 32.Ne4 Qb6 33.d6 Bh4 34.Qg4 Bxe1 35.Nf6+ Kh8 36.Nxe8
Qd4 37.d7 exf4 38.h4 Bg3+ 39.Kh3 h5 {#R} 0-1

[Event "Ch World (team) (under 26)"]
[Site "masterchessopen.com - Haifa (Israel)"]
[Date "1970.08.17"]
[Round "9"]
[White "Lombard Andre (SUI)"]
[Black "Pritchett Craig W (SCO)"]
[WhiteElo "2350"]
[BlackElo "2343"]

1.d4 Nf6 2.c4 c5 3.d5 e6 4.Nc3 exd5 5.cxd5 d6 6.Nf3 g6 7.e4 Bg7 8.Be2 O-O
9.O-O Re8 10.Nd2 Na6 11.Re1 Nc7 12.a4 b6 13.Qc2 Na6 14.Bxa6 Bxa6 15.f3 Nh5
16.Nf1 f5 *

[Event "It (juniors) (under 20)"]
[Site "masterchessopen.com - Arosa (Switzerland)"]
[Round "10"]
[White "Ott Roland (SUI)"]
[Black "Herzog Adolf (AUT)"]
[Result "0-1"]
[WhiteElo "2255"]
[BlackElo "2390"]

1.d4 e6 2.c4 Nf6 3.Nf3 c5 4.d5 exd5 5.cxd5 d6 6.Nc3 g6 7.e4 Bg7 8.Be2 O-O
9.O-O Re8 10.Nd2 Na6 11.a4 Nb4 12.f3 b6 13.Kh1 Nh5 14.Nc4 Qh4 15.Kg1 Ba6
16.Nb5 Bxb5 17.axb5 f5 18.Be3 fxe4 19.Qd2 exf3 20.Rxf3 Be5 21.Nxe5 Rxe5 22.Bh6
Ng7 23.Bf4 Re4 24.Bxd6 Rd4 25.Rxa7 Re8 26.Qc3 Nxd5 27.Bc4 Re1+ 28.Rf1 Rxf1+
29.Kxf1 Qf6+ 30.Ke1 Qxd6 31.Ra8+ Kf7 32.Qf3+ Nf5 {#R} 0-1

[Event "Olympiad"]
[Site "masterchessopen.com - Skopje (Macedonia)"]
[Round "6"]
[White "Kane George Francis (USA)"]
[Black "Enklaar Bertus F (NED)"]
[Result "0-1"]
[WhiteElo "2300"]
[BlackElo "2410"]

1.d4 Nf6 2.c4 e6 3.Nc3 c5 4.d5 exd5 5.cxd5 d6 6.e4 g6 7.Nf3 Bg7 8.Be2 O-O
9.O-O Re8 10.Nd2 Na6 11.Kh1 Nc7 12.a4 b6 13.f3 Rb8 14.Nc4 Ba6 15.Bg5 Qd7
16.Rb1 Bxc4 17.Bxc4 a6 18.b4 b5 19.Bd3 c4 20.Bc2 bxa4 21.Bxa4 Nb5 22.Ne2 Qc7
23.Bxb5 axb5 24.Nd4 Nd7 25.Ra1 Ra8 26.Qd2 Qb7 27.Rfb1 Rxa1 28.Rxa1 Ra8
29.Rxa8+ Qxa8 30.Nxb5 Qa4 31.Nxd6 c3 32.Qe1 Qxb4 33.Nc8 Qb5 34.Ne7+ Kh8 35.Nc6
Nc5 36.Qa1 h6 37.Bxh6 Qb2 {#R} 0-1

[Event "corr."]
[Site "masterchessopen.com - Yugoslavia"]
[Round "0"]
[White "Djordjevic Zoran (SRB)"]
[Black "Ziger Silvestar (CRO)"]
[Result "0-1"]
[WhiteElo "2051"]
[BlackElo "2181"]

1.d4 Nf6 2.c4 c5 3.d5 e6 4.Nc3 exd5 5.cxd5 d6 6.e4 g6 7.Nf3 Bg7 8.Be2 O-O
9.O-O Re8 10.Nd2 Na6 11.Kh1 Nc7 12.a4 b6 13.f3 Rb8 14.Nc4 Ba6 15.Bg5 h6 16.Bf4
Nh5 17.Bd2 f5 18.exf5 Bxc4 19.Bxc4 Qh4 20.Ne4 Rxe4 21.fxe4 Ng3+ 22.Kg1 Bd4+
23.Rf2 Nxe4 24.g3 Bxf2+ 25.Kg2 Bxg3 26.h3 Nf2 27.Qf1 Qxh3+ {#R} 0-1

[Event "Ch Argentina"]
[Site "masterchessopen.com - Caseros (Argentina)"]
[Round "10"]
[White "Varas Carlos (CHI)"]
[Black "Sabao Raimundo (ARG)"]
[Result "1-0"]
[WhiteElo "2259"]
[BlackElo "2258"]

1.d4 Nf6 2.c4 c5 3.d5 g6 4.Nc3 d6 5.e4 Bg7 6.Nf3 O-O 7.Be2 e6 8.O-O exd5
9.cxd5 Re8 10.Nd2 Na6 11.a4 Nc7 12.f3 Nd7 13.Nc4 Ne5 14.Ne3 f5 15.f4 Nf7
16.exf5 Nh6 17.fxg6 Bd4 18.gxh7+ Kh8 19.Rf3 Ng4 20.Qd3 Qh4 21.h3 Qe1+ 22.Rf1
Qxc1 23.Raxc1 Rxe3 24.Qc4 Rg3+ 25.Kh1 Ne3 26.Qb3 Nxg2 27.Rf3 Rxf3 28.Bxf3 Nxf4
29.Be4 Bxh3 30.Qc2 Rf8 31.Qh2 Bd7 32.Rf1 Be5 33.Qh6 Rf6 34.Qg5 Rf8 35.Rg1 {#r}
1-0

[Event "Ch NRW"]
[Site "masterchessopen.com - Muenster (Germany)"]
[Round "12"]
[White "Nehmert Ulrich (GER)"]
[Black "Buchenthal Dieter (GER)"]
[Result "1/2-1/2"]
[WhiteElo "2356"]
[BlackElo "2204"]

1.d4 Nf6 2.c4 c5 3.d5 e6 4.Nc3 exd5 5.cxd5 d6 6.e4 g6 7.Nf3 Bg7 8.Be2 O-O
9.O-O Re8 10.Nd2 Na6 11.Kh1 Nc7 12.f3 Nd7 13.Nc4 Ne5 14.Ne3 f5 15.f4 Nf7
16.exf5 gxf5 17.Bd3 Qf6 18.Qc2 Nh6 19.Bd2 Rb8 20.Rae1 b5 21.b3 Re7 22.Rf3 Bd7
23.Ncd1 b4 24.Rg3 Kh8 25.Rg5 Nf7 26.Rg3 Nh6 27.Rg5 Nf7 28.Rg3 Nh6 29.Rg5 Nf7
30.Rg3 Nh6 {#d} 1/2-1/2

[Event "?"]
[Site "masterchessopen.com - Slncev Brjag (Bulgaria)"]
[Round "0"]
[White "Hort Vlastimil (GER)"]
[Black "Ermenkov Evgenij (PLE)"]
[Result "1/2-1/2"]
[WhiteElo "2600"]
[BlackElo "2431"]

1.d4 Nf6 2.c4 e6 3.Nc3 c5 4.d5 exd5 5.cxd5 d6 6.e4 g6 7.Nf3 Bg7 8.Be2 O-O
9.Nd2 Re8 10.O-O Na6 11.Re1 Nc7 12.a4 b6 13.Qc2 Rb8 14.Nc4 Ba6 15.Rb1 Bxc4
16.Bxc4 a6 17.b4 b5 18.axb5 axb5 19.Be2 c4 20.Bg5 h6 21.Be3 Nd7 22.Red1 Ra8
23.Ra1 Qe7 24.Bf3 {#d} 1/2-1/2

[Event "It (b)"]
[Site "masterchessopen.com - Wijk aan Zee (Netherlands)"]
[Round "6"]
[White "Pytel Krzysztof (FRA)"]
[Black "Hartoch Robert G (NED)"]
[Result "1/2-1/2"]
[WhiteElo "2405"]
[BlackElo "2370"]

1.d4 Nf6 2.c4 c5 3.d5 g6 4.Nc3 Bg7 5.e4 d6 6.Be2 O-O 7.Nf3 e6 8.O-O exd5
9.cxd5 Re8 10.Nd2 Na6 11.Kh1 Nc7 12.a4 b6 13.f3 Rb8 14.Ra3 Qe7 15.Nc4 Ba6
16.Bg5 Qd7 17.b3 Nh5 18.g4 Bxc3 19.gxh5 Bd4 20.Bd3 Qh3 21.hxg6 hxg6 22.Ra2
Bxc4 23.bxc4 Kg7 24.Rg2 Rh8 25.Bf4 Ne8 26.Qe2 Rd8 27.e5 dxe5 28.Bxe5+ Bxe5
29.Qxe5+ Kf8 30.Re1 Qh4 31.Bxg6 Qf6 32.Bc2 Qxe5 33.Rxe5 Nd6 34.Rg4 Re8
35.Rxe8+ Kxe8 36.Bd3 Ke7 37.Kg2 Kf6 38.h4 Ke5 39.Bf1 Rh6 40.Kf2 {#d} 1/2-1/2

[Event "Izt (cat.12)"]
[Site "masterchessopen.com - Manila (Philippines)"]
[Round "0"]
[White "Polugaevsky Lev A (RUS)"]
[Black "Ljubojevic Ljubomir (SRB)"]
[Result "1/2-1/2"]
[WhiteElo "2635"]
[BlackElo "2620"]

1.d4 Nf6 2.c4 e6 3.Nf3 c5 4.d5 exd5 5.cxd5 g6 6.Nc3 Bg7 7.e4 O-O 8.Be2 Re8
9.Nd2 d6 10.O-O Na6 11.Kh1 Nc7 12.a4 Qe7 13.f3 Nd7 14.Nc4 f5 15.Bf4 Ne5
16.Nxe5 Bxe5 17.Bxe5 Qxe5 18.f4 Qd4 19.Bf3 b6 20.Qc2 Qe3 21.Qc1 Qxc1 22.Raxc1
Ba6 23.Rfe1 Rad8 24.e5 Bc4 25.b4 dxe5 26.fxe5 Nxd5 27.Nxd5 Bxd5 28.bxc5 Bxf3
{#d} 1/2-1/2

[Event "Ch USA (juniors) (under 18)"]
[Site "masterchessopen.com - Memphis (USA)"]
[Round "5"]
[White "Tisdall Jonathan D (NOR)"]
[Black "Rohde Michael A (USA)"]
[Result "1/2-1/2"]
[WhiteElo "2390"]
[BlackElo "2360"]

1.d4 Nf6 2.c4 c5 3.d5 e6 4.Nc3 exd5 5.cxd5 d6 6.e4 g6 7.Be2 Bg7 8.Nf3 O-O
9.O-O Re8 10.Nd2 Na6 11.Kh1 Nc7 12.a4 b6 13.f3 Rb8 14.Nc4 Ba6 15.Bg5 h6 16.Bh4
Qd7 17.b3 Nh5 18.Be1 Nf4 19.Ra2 f5 20.Bd3 Rf8 21.g3 Nxd3 22.Qxd3 Kh7 23.exf5
Rxf5 24.g4 Rf7 25.Ne4 Bd4 26.Bg3 Nxd5 27.Nexd6 Nb4 28.Qd1 Nxa2 29.Nxf7 Rf8
30.Nfe5 Qe6 31.Re1 Nc3 32.Qc2 Bb7 33.Qd3 Nd5 34.h3 Nf4 35.Bxf4 Rxf4 36.Re2 Rf8
37.Kh2 Kg7 38.Qd2 a6 39.Nd3 Qf6 40.f4 Bf3 41.Re1 Bxg4 42.hxg4 Qh4+ 43.Kg2
Qxg4+ 44.Kf1 Qf3+ 45.Nf2 Rxf4 46.Re3 Qh1+ 47.Ke2 Qh2 48.Qe1 Bxe3 49.Nxe3 h5
50.Nf1 Re4+ 51.Ne3 Kh7 52.Qc3 Rf4 53.Nd1 Rf5 54.Qd3 Qe5+ 55.Ne3 Rf7 56.Ne4 Re7
57.Kf3 Qh2 58.Qd5 Kg7 59.Ng5 Qg1 60.Ng2 Qf1+ 61.Kg3 Qf6 62.Nf3 Kh6 63.Nf4 g5
64.Nh3 g4 65.Qd2+ Kh7 66.Nfg5+ Kh8 67.Nf2 Re5 68.Nfe4 Rxe4 69.Nxe4 Qf3+ 70.Kh4
Qh1+ 71.Kg5 Qxe4 72.Qd8+ Kh7 73.Qc7+ Kg8 74.Kf6 Qd4+ 75.Kg6 Qe4+ 76.Kf6 Qd4+
77.Kg6 {#d} 1/2-1/2

[Event "Ch Slovakia"]
[Site "masterchessopen.com - Detva (Slovakia)"]
[Round "12"]
[White "Husek Zdenek (SVK)"]
[Black "Jablonicky Frantisek (SVK)"]
[Result "1-0"]
[WhiteElo "2033"]
[BlackElo "2187"]

1.d4 Nf6 2.c4 e6 3.Nf3 c5 4.d5 exd5 5.cxd5 d6 6.e4 g6 7.Be2 Bg7 8.Nc3 O-O
9.Nd2 Re8 10.O-O Na6 11.Bf3 Rb8 12.a4 Nd7 13.Nb5 Ne5 14.Be2 Nb4 15.Nxa7 Qb6
16.Nb5 c4 17.Bxc4 Bd7 18.Ra3 Rbc8 19.Be2 Bxb5 20.Bxb5 Re7 21.Re3 Ra8 22.Rc3
Rc7 23.Nb3 Rxc3 24.Bd2 Na2 25.Qb1 Ng4 26.Qxa2 Nxf2 27.Rxf2 Rxb3 28.Qxb3 Bd4
{#r} 1-0

[Event "It"]
[Site "masterchessopen.com - Leipzig (Germany)"]
[Round "12"]
[White "Fischer Joan"]
[Black "Boensch Uwe (GER)"]
[Result "0-1"]
[WhiteElo "2420"]
[BlackElo "2530"]

1.d4 Nf6 2.c4 e6 3.Nc3 c5 4.d5 exd5 5.cxd5 d6 6.Nf3 g6 7.e4 Bg7 8.Be2 O-O
9.O-O Re8 10.Nd2 Na6 11.Kh1 Nc7 12.a4 b6 13.f4 Ba6 14.Bb5 Bxb5 15.axb5 Qd7
16.Qb3 Ng4 17.h3 Nf6 18.Qc4 a6 19.bxa6 b5 20.Qd3 c4 21.Qf3 Rxa6 22.Rxa6 Nxa6
23.g4 Nc5 24.g5 Nh5 25.Ne2 Nd3 26.b3 Nc5 27.bxc4 bxc4 28.Ba3 c3 29.Nxc3 Nxf4
30.Bxc5 dxc5 31.Na4 Be5 32.Nxc5 Qb5 33.Ncb3 Rc8 34.Nd4 Qb2 35.Nc6 Rxc6 36.dxc6
Qxd2 37.Qg4 Ne6 38.Qg2 Qc3 39.Qf3 Qxf3+ 40.Rxf3 Nxg5 {#R} 0-1

[Event "It"]
[Site "masterchessopen.com - Stip (Macedonia)"]
[Round "5"]
[White "Kovacs Laszlo M (HUN)"]
[Black "Nicevski Risto (MKD)"]
[Result "1/2-1/2"]
[WhiteElo "2339"]
[BlackElo "2310"]

1.d4 Nf6 2.c4 c5 3.d5 e6 4.Nc3 exd5 5.cxd5 d6 6.Nf3 g6 7.e4 Bg7 8.Be2 O-O
9.Nd2 Re8 10.O-O Na6 11.Re1 Rb8 12.a4 Nb4 13.Bb5 Re7 14.h3 a6 15.Bf1 b6 16.Nc4
b5 17.axb5 axb5 18.Na3 Ba6 19.Bxb5 Bxb5 20.Naxb5 Reb7 21.Nxd6 Qxd6 22.e5 Qd7
23.exf6 Bxf6 24.Ne4 Bd4 25.Bf4 Rd8 26.Bg5 Rc8 27.Be3 f5 28.Bxd4 fxe4 29.Bc3
Qf5 30.Bxb4 Rxb4 31.Qc2 Qxd5 32.Ra7 Rf8 33.Re7 Qd4 34.b3 Qd5 35.R1xe4 Rxb3
36.R4e5 Qd3 37.Rxc5 Qxc2 38.Rxc2 {#d} 1/2-1/2

[Event "Ch Romania"]
[Site "masterchessopen.com - Sibiu (Romania)"]
[Round "0"]
[White "Voiculescu Paul (ROM)"]
[Black "Neamtu Serban-Constantin (ROM)"]
[Result "1-0"]
[WhiteElo "2282"]
[BlackElo "2278"]

1.d4 Nf6 2.c4 c5 3.d5 e6 4.Nc3 exd5 5.cxd5 d6 6.e4 g6 7.Nf3 Bg7 8.Be2 O-O
9.O-O Re8 10.Nd2 Na6 11.Kh1 Nc7 12.a4 b6 13.f3 Qe7 14.Nc4 Ba6 15.Bg5 Bxc4
16.Bxc4 a6 17.Qd3 Qd7 18.Rfb1 h6 19.Bd2 Reb8 20.Qf1 Qe7 21.b4 Nd7 22.bxc5 bxc5
23.Rxb8+ Rxb8 24.Rb1 Qd8 25.Qc1 Kh7 26.Qc2 Rxb1+ 27.Qxb1 Qb8 28.Qxb8 Nxb8
29.Nb1 Bf6 30.Ba5 Bd8 31.Na3 Kg7 32.Be2 Kf8 33.Nc4 Ke7 34.Bd2 h5 35.Bg5+ f6
36.Bd2 Na8 37.Nxd6 {#r} 1-0

[Event "It"]
[Site "masterchessopen.com - Nis (Yugoslavia)"]
[Date "1979.11.09"]
[Round "10"]
[White "Golubovic Zoran (SRB)"]
[Black "Ilic Zoran (MKD)"]
[Result "1-0"]
[WhiteElo "2289"]
[BlackElo "2260"]

1.d4 Nf6 2.c4 c5 3.d5 e6 4.Nc3 exd5 5.cxd5 d6 6.Nf3 g6 7.Nd2 Bg7 8.e4 O-O
9.Be2 Re8 10.O-O Na6 11.Kh1 Nc7 12.a4 b6 13.f3 Rb8 14.Nc4 Ba6 15.Bg5 h6 16.Bh4
Qd7 17.Qd2 Kh7 18.b3 Nh5 19.Bd3 Bxc4 20.Bxc4 Be5 21.f4 Bd4 22.Rae1 Qg4 23.Bf2
Bg7 24.Be2 Qxf4 25.Be3 Qh4 26.Bxh5 gxh5 27.Rxf7 Rbc8 28.Bxh6 Rg8 29.Bg5 Qg4
30.h3 Qg3 31.Bf4 Qh4 32.e5 Kg6 33.Ne4 Ne8 34.Bg5 {#r} 1-0

[Event "?"]
[Site "masterchessopen.com - New York (USA)"]
[Round "0"]
[White "Tisdall Jonathan D (NOR)"]
[Black "Antunac Goran (CRO)"]
[Result "1-0"]
[WhiteElo "2415"]
[BlackElo "2435"]

1.d4 Nf6 2.c4 e6 3.Nf3 c5 4.d5 exd5 5.cxd5 g6 6.Nc3 Bg7 7.e4 O-O 8.Be2 d6
9.Nd2 Re8 10.O-O Na6 11.Kh1 Nc7 12.a4 b6 13.f3 Rb8 14.Nc4 Ba6 15.Bg5 Bxc4
16.Bxc4 a6 17.Qd3 Qc8 18.Rae1 Nd7 19.f4 b5 20.axb5 Nb6 21.Ba2 axb5 22.e5 c4
23.Qf3 Qd7 24.Ne4 dxe5 25.d6 Ne6 26.fxe5 Nxg5 27.Nxg5 Rxe5 28.Rxe5 Bxe5 29.Qe3
f6 30.b3 Qxd6 31.bxc4 Nxc4 32.Ne4 Qd4 33.Qf3 Rd8 34.Bb3 Kg7 35.Rd1 Qb6 36.Re1
Qd4 37.Rd1 Qb6 38.Re1 Qc6 39.Qh3 Qd7 40.Qf3 Qd3 41.Qf2 Qd4 42.Qa2 Ne3 43.Qa6
Qxe4 44.Qa7+ Kh6 45.Qxe3+ Qxe3 46.Rxe3 Ra8 47.g3 Ra3 48.Kg2 b4 49.Kh3 Kg7
50.Rd3 Kf8 51.Kg4 Ke7 52.h3 Ra7 53.Bg8 Kf8 54.Bb3 Rc7 55.Kf3 Ke7 56.Ke4 {#r}
1-0